Catalog of Russian vignettes, Part II Period of the First World War (Record no. 3085)

000 -LEADER
fixed length control field 00290nam a22000977a 4500
008 - FIXED-LENGTH DATA ELEMENTS--GENERAL INFORMATION
fixed length control field 200907b ||||| |||| 00| 0 eng d
100 ## - MAIN ENTRY--AUTHOR'S NAME
Author's Name Marcovitch, Emile
245 ## - TITLE STATEMENT
Title Catalog of Russian vignettes, Part II Period of the First World War
260 ## - PUBLICATION, DISTRIBUTION, ETC. (IMPRINT)
Date of publication, distribution, etc. 1959
650 ## - TOPICAL TERM (Tag)
Topical term or geographic name Russia | Revenue | Vignettes
Holdings
Withdrawn status Lost status Source of classification or shelving scheme Damaged status Koha normalized classification for sorting Not for loan Collection code Permanent Location Current Location Shelving location Date acquired Total Checkouts Full call number Barcode Date last seen Copy number Price effective from
        G7001 C574 M321   Peter Weisensel Northern Philatelic Library Northern Philatelic Library General Stacks 09/07/2020   G7001 C574 M321 1005512 09/07/2020 1 09/07/2020

Powered by Koha